| 000 | 00566nam a2200145Ia 4500 | ||
|---|---|---|---|
| 008 | 180921t xxu||||| ||||o00| 0 eng d | ||
| 041 | _aeng | ||
| 080 | _aVol.3 1910-1923 | ||
| 245 | _aordinances Nos : No.7 of 1918.An ordinance To Amend "The Joint Stock Companies ordinance,1861," (Embodied In No.4 of 1861.Vol.1.,Pages 303,305,308 And 328) [ Date of Governor's Assent :April 16,1918.] [Date of Commencement November 7,1918.) | ||
| 300 | _ap.597, 23 cm | ||
| 650 | _aJoint Stock Companies | ||
| 942 | _cBK | ||
| 999 |
_c50846 _d50846 |
||
| 003 | LK-CoDNM | ||
| 040 |
_aLK-CoDNM _dLK-CoDNM _eLK-CoDNM |
||